To Study the Effect of Photosynthesis Improving Chemicals on Litchi (Litchi chinensis Sonn.) (Record no. 50210)

MARC details
000 -LEADER
fixed length control field 00461nam a22001577a 4500
003 - CONTROL NUMBER IDENTIFIER
control field OSt
008 - FIXED-LENGTH DATA ELEMENTS--GENERAL INFORMATION
fixed length control field 260427b |||||||| |||| 00| 0 eng d
082 ## - DEWEY DECIMAL CLASSIFICATION NUMBER
Classification number 634.6
Item number S48T
100 ## - MAIN ENTRY--PERSONAL NAME
Personal name Singh, Uma Shankar Prasad
245 ## - TITLE STATEMENT
Title To Study the Effect of Photosynthesis Improving Chemicals on Litchi (Litchi chinensis Sonn.)
260 ## - PUBLICATION, DISTRIBUTION, ETC. (IMPRINT)
Place of publication, distribution, etc Pusa, Samastipur
Name of publisher, distributor, etc RAU
Date of publication, distribution, etc 1991
300 ## - PHYSICAL DESCRIPTION
Extent 58P.
502 ## - DISSERTATION NOTE
Degree type Msc.
Year degree granted 1991
650 ## - SUBJECT ADDED ENTRY--TOPICAL TERM
Topical term or geographic name as entry element Fruit and Fruit Technology
942 ## - ADDED ENTRY ELEMENTS (KOHA)
Koha item type Thesis
Source of classification or shelving scheme
Holdings
Withdrawn status Lost status Source of classification or shelving scheme Damaged status Not for loan Home library Current library Date acquired Total Checkouts Full call number Barcode Date last seen Bill Date Koha item type
          Dr. Rajendra Prasad Central Agricultural University Pusa, Dr. Rajendra Prasad Central Agricultural University Pusa, 27/04/2026   634.6 S48T 43030-UL 27/04/2026 27/04/2026 Thesis
Hosted, Implemented, Customized & Maintained by: BestBookBuddies

Powered by Koha